| 000 | 00793nam a22002537a 4500 | ||
|---|---|---|---|
| 003 | OSt | ||
| 005 | 20140310181929.0 | ||
| 008 | 130722t xxu||||| |||| 00| 0 eng d | ||
| 020 | _a0439444047 | ||
| 050 |
_aLB 1573 _b.Or66 2003 |
||
| 082 |
_aTRE 372.4 _bOr3 2003 |
||
| 100 |
_aOrehovec, Barbara _92578 |
||
| 245 |
_aThe reading workshop : _bmanagement, mini-lessons and strategies / _cBarbara Orehovec, Marybeth Alley |
||
| 260 |
_aNew York : _bScholastic Professional Books, _cc2003. |
||
| 300 |
_a160 p. _bill. ; _c28 cm. |
||
| 521 | _aFaculty | ||
| 541 | _j1 | ||
| 562 | _e1 | ||
| 650 |
_aReading (Elementary) _992 |
||
| 650 |
_aEducation (Elementary) _983 |
||
| 650 |
_aScholastic reading strategies _92579 |
||
| 650 |
_aTeaching strategies _91143 |
||
| 942 |
_2lcc _cBK-TR _kTRE |
||
| 999 |
_c7284 _d7284 |
||